LEADER 01445cam2-2200385---450- 001 990003434590203316 005 20160218085303.0 010 $a978-1-4073-0658-2 035 $a000343459 035 $aUSA01000343459 035 $a(ALEPH)000343459USA01 035 $a000343459 100 $a20100806d2010----km-y0itay50------ba 101 0 $aeng 102 $aGB 105 $aa---||||001yy 200 1 $aFrom tribe to province to state$ean historical-ethnographic and archaeological perspective for reinterpreting the settlement processes of the Germanic populations in western Europe between late antiquity and the early Middle Ages$fPaolo de Vingo 210 $aOxford$cArcheopress$d2010 215 $aXXI, 302 p.$cill.$d30 cm 225 2 $aBAR international series$v2117 410 0$1001000018484$12001$aBAR international series$v, 2117 606 0 $aPopoli germanici$yEuropa occidentale$zSec. 3.-6.$2BNCF 676 $a940.043 700 1$aDE VINGO,$bPaolo$0731053 801 0$aIT$bsalbc$gISBD 912 $a990003434590203316 951 $aXI.5. Coll. 12/775$b227449 L.M.$cXI.5. Coll.$d00281326 951 $aXI.5. Coll. 12/ 775a$b249949 L.M.$cXI.5. Coll.$d385364 959 $aBK 969 $aUMA 979 $aSENATORE$b90$c20100806$lUSA01$h1110 979 $aANNAMARIA$b90$c20160217$lUSA01$h1447 979 $aANNAMARIA$b90$c20160218$lUSA01$h0853 996 $aFrom tribe to province to state$91514264 997 $aUNISA LEADER 01829oam 2200505 a 450 001 9910701405803321 005 20120426132608.0 035 $a(CKB)5470000002419024 035 $a(OCoLC)779476678 035 $a(EXLCZ)995470000002419024 100 $a20120307d2012 ua 0 101 0 $aeng 135 $aurbn||||||||| 181 $ctxt$2rdacontent 182 $cc$2rdamedia 183 $acr$2rdacarrier 200 10$aCompilation of hearings on Islamist radicalization$hVol. I$b[electronic resource] $ehearings before the Committee on Homeland Security, House of Representatives, One Hundred Twelfth Congress, first session, March 10, June 15, and July 27, 2011 210 1$aWashington :$cU.S. G.P.O.,$d2012. 215 $a1 online resource (v, 350 pages) $cillustrations 300 $aTitle from title screen (viewed on Mar. 7, 2012). 300 $a"Serial no. 112-9." 517 $aCompilation of hearings on Islamist radicalization 606 $aRadicalism$xReligious aspects$xIslam 606 $aTerrorism$xReligious aspects$xIslam 606 $aIslamic fundamentalism$zUnited States 606 $aMuslims$zUnited States 606 $aDomestic terrorism$zUnited States 606 $aTerrorists$xRecruiting$zUnited States 606 $aSubversive activities$zUnited States 606 $aJihad 615 0$aRadicalism$xReligious aspects$xIslam. 615 0$aTerrorism$xReligious aspects$xIslam. 615 0$aIslamic fundamentalism 615 0$aMuslims 615 0$aDomestic terrorism 615 0$aTerrorists$xRecruiting 615 0$aSubversive activities 615 0$aJihad. 801 0$bGPO 801 1$bGPO 801 2$bGPO 906 $aBOOK 912 $a9910701405803321 996 $aCompilation of hearings on Islamist radicalization$93471617 997 $aUNINA